Mozart Quiz - Statistiken

Allgemein
  • Dieses Quiz wurde 171 mal gespielt
  • Das Durchschnittsergebnis liegt bei 5 aus 10
Antwortstatistiken
Frage Antwort % Korrekt
Welches gibt es nicht ? Mozarteintopf
81%
Wo starb Mozart ? Wien, Österreich
81%
Wie lautet sein Vorname ? Wolfgang Amadeus
69%
Wie alt war Mozart als er Kaiserin Maria Theresia vorspielte? 6
65%
Welche Oper stammt nicht von Mozart ? Der Freischütz
62%
Wann wurde Mozart geboren ? 27. Januar 1756
54%
Wie viele Sinfonien hat Mozart komponiert? 41
42%
wie viele Kinder hatte Mozart ? 6
38%
Wer gab bei Mozart das Requiem im Auftrag? Constanze Mozart
27%
Die letze Oper von Mozart war ? La Clemenza di Tito
19%
Keine übereinstimmenden Quizze gefunden
Verteilung der Resultate
Anzahl Personen mit jedem Resultat
Perzentil nach korrekt beantworteten Fragen
Ihre Resultats-Entwicklung
Sie haben dieses Quiz noch nicht gespielt